Alle landen waar een U in zit. - Statistieken

Algemene statistieken
  • Deze quiz is 106 keer genomen
    96 sinds de laatste reset
  • De gemiddelde score is 35 van 51
Antwoordstatistieken
Antwoord % Correct
Uruguay
100%
Rusland
94%
Australië
88%
Guyana
88%
Papoea-Nieuw-Guinea
88%
Democratische Republiek Congo
82%
Nieuw-Zeeland
82%
Paraguay
82%
Peru
82%
Republiek Congo
82%
Turkije
82%
Turkmenistan
82%
Zuid-Afrika
82%
Zuid-Korea
82%
Zuid-Soedan
82%
Cuba
76%
Dominicaanse Republiek
76%
Duitsland
76%
Guatemala
76%
Guinee
76%
Luxemburg
76%
Wit-Rusland
76%
Bhutan
71%
Bulgarije
71%
Centraal-Afrikaanse Republiek
71%
Guinee-Bissau
71%
Mauritanië
71%
Suriname
71%
Tunesië
71%
Tuvalu
71%
Burundi
65%
Ecuador
65%
Equatoriaal-Guinea
65%
Mauritius
65%
Nicaragua
65%
Antigua en Barbuda
59%
Litouwen
59%
Palau
59%
Portugal
59%
Vanuatu
59%
Venezuela
59%
Brunei
53%
Saint Lucia
53%
Burkina Faso
47%
Honduras
47%
Ivoorkust
47%
Mozambique
47%
Nauru
47%
Cyprus
35%
Djibouti
35%
Saudi-Arabië
35%
Geen overeenkomende quizzen gevonden
Scoreverdeling
Procent van Mensen met Elke Score
Percentiel versus Aantal Correcte Antwoorden
Uw Scoregeschiedenis
U heeft deze quiz nog niet genomen sinds de laatste reset